Devinez la Capitale Mystère #55 - Statistiques

Statistiques générales
  • Ce quiz a été pris 194 fois
  • Le résultat moyen est 27 sur 36
Statistiques - réponses
Type de Réponse Réponse % Correct
Lettre Trouvée I
100%
Lettre Trouvée R
100%
Lettre Trouvée A
99%
Lettre de l'Alphabet E
99%
Lettre Trouvée S
99%
Lettre Trouvée N
98%
Lettre Trouvée O
98%
Lettre de l'Alphabet B
96%
Lettre de l'Alphabet T
95%
Lettre de l'Alphabet L
94%
Lettre de l'Alphabet M
93%
Lettre de l'Alphabet D
90%
Lettre Trouvée P
90%
Lettre Trouvée G
87%
Lettre Trouvée U
87%
Lettre de l'Alphabet K
85%
Lettre de l'Alphabet H
82%
Lettre de l'Alphabet C
81%
Lettre de l'Alphabet W
79%
Lettre Bien Placée N
76%
Lettre de l'Alphabet V
71%
Lettre Bien Placée I
69%
Lettre de l'Alphabet Y
67%
Lettre de l'Alphabet X
62%
Lettre Bien Placée A
61%
Lettre de l'Alphabet J
61%
Lettre Bien Placée R
59%
Lettre de l'Alphabet Z
56%
Lettre Bien Placée G
55%
Lettre Bien Placée O
55%
Lettre Bien Placée S
54%
Lettre de l'Alphabet F
52%
Lettre de l'Alphabet Q
50%
Lettre Bien Placée P
49%
Lettre Bien Placée U
49%
Capitale Mystère Singapour
47%
Aucun quiz correspondant
Distribution des résultats
% des personnes avec chaque résultat
Percentile par nombre de réponses
Votre historique - résultats
Vous n’avez pas pris ce quiz